000 00485nam a2200193Ia 4500
005 20250508152752.0
008 008 250505s9999 xx 000 0 eng d
037 _aBooks to be hide in OPAC
040 _aFEDL
_beng
_cFEDL
041 _aeng
_2eng
084 _a750, GRA/O
_qFEDL
100 _aGray Basil
245 0 _aPersian painting
245 0 _cTreasures of Asia
260 _c1961
300 _a191p.
942 _cHB
_h750, GRA/O
999 _c1338636
_d1338636